Lập trình ứng dụng Web với RUBY on RAILS

Tài liệu giới thiệu những nét đặc sắc nhất của ngôn ngữ mềm dẻo Ruby và tập trung vào phần Framwork Rails dựa trên ngôn ngữ Rubby để giúp độc giả có một nền tảng cơ bản và nắm bắt được "tinh thần" của Ruby và Rails....

Volledige beschrijving

Bewaard in:
Bibliografische gegevens
Hoofdauteur: Nguyễn, Phước Anh Vũ
Formaat: Boek
Taal:Undetermined
Gepubliceerd in: Hà Nội Lao động - xã hội 2008
Onderwerpen:
Tags: Voeg label toe
Geen labels, Wees de eerste die dit record labelt!
Thư viện lưu trữ: Trung tâm Học liệu Trường Đại học Cần Thơ
LEADER 01088nam a2200205Ia 4500
001 CTU_150953
008 210402s9999 xx 000 0 und d
020 |c 52000 
082 |a 005.117 
082 |b V500 
100 |a Nguyễn, Phước Anh Vũ 
245 0 |a Lập trình ứng dụng Web với RUBY on RAILS 
245 0 |c Nguyễn Phước Anh Vũ ; Phương Lan (Hiệu đính) 
260 |a Hà Nội 
260 |b Lao động - xã hội 
260 |c 2008 
520 |a Tài liệu giới thiệu những nét đặc sắc nhất của ngôn ngữ mềm dẻo Ruby và tập trung vào phần Framwork Rails dựa trên ngôn ngữ Rubby để giúp độc giả có một nền tảng cơ bản và nắm bắt được "tinh thần" của Ruby và Rails. 
650 |a Ruby (Computer program language),Ruby (Ngôn ngữ lập trình máy tính),Web site development,Phát triển trang web 
910 |a phuong,Hải 
980 |a Trung tâm Học liệu Trường Đại học Cần Thơ